Responses for Show #6820 - Friday, April 18, 2014

Contestants

[<< previous game]

E.A. Srere, an attorney and municipal judge from Dallas, Texas

Jake Bryant, a programmer and analyst from Weymouth, Massachusetts

Frédérique Delaprée, a foreign service officer from Ottawa, Ontario, Canada (whose 1-day cash winnings total $6,200)

[next game >>]

Jeopardy! Round responses

WOMEN ON TV
HOME, SWEET HOME
"MM"! FOOD & DRINK!
TRANSPORTATION
ANAGRAMS
PULITZER FOR FICTION AUTOCORRECTS
(Alex: You have to correct the incorrect word in each clue.)
    $200 13
All In The Family

E.A.
    $200 22
Neverland

Jake
    $200 7
a gummy bear

Jake
    $200 8
parachute

E.A.
    $200 1
(Frédérique: What is silicone?)

silicon

FrédériqueE.A.
    $200 2
Nat Turner

E.A.
    $400 14
Oprah

E.A.
    $400 23
(Jake: What is The Scarlet Letter?)

The House of Seven Gables

JakeE.A.
    $400 9
hummus

Frédérique
    $400 27
(Jake: What's the Civic?)

Accord

FrédériqueJake
    $400 16
double chin

Triple Stumper
    $400 3
The Bridge

E.A.
    $600 15
Whoopi Goldberg

Jake
    $600 24
Pabst

Jake
    $600 10
summer

E.A.
    $600 28
a train

Jake
    $600 17
prima donna

Triple Stumper
    $600 4
Beloved

Frédérique
    $800 20
Kerry Washington

Frédérique
    $800 25
wedding cake

E.A.
    $800 11
pemmican

E.A.
    $800 29
Stanley

E.A.
    $800 18
Fresno

Frédérique
    $800 5
(Jake: Humboldt's... Humboldt's Confession?)

Humboldt's Gift

JakeE.A.
    $1000 21
Two and a Half Men

Frédérique
    $1,000 26
Jefferson Davis

E.A.
    $1000 12
persimmon

Triple Stumper
    $1000 30
the Queen Mary

Triple Stumper
    $1000 19
cutting corners

Frédérique
    $1000 6
Consent

E.A.

Scores at the first commercial break (after clue 15):

Frédérique Jake E.A.
$800 $0 $4,800

Scores at the end of the Jeopardy! Round:

Frédérique Jake E.A.
$4,800 $600 $7,800

Double Jeopardy! Round responses

FEDEX DOESN'T GO THERE
1950s SCI-FI FILMS
OPERA
WORLD MYTHS & LEGENDS
THE DUKE OF WELLINGTON
IT HAS 2 "BU"
(Alex: ...and there will be 2 "BU"'s in each correct response.)
    $400 18
Myanmar

Jake
    $400 13
Invasion of the Body Snatchers

E.A.
    $400 8
Figaro

Jake
    $400 6
thunderbolts

Frédérique
    $400 26
Ireland

Frédérique
    $400 1
a Bunsen burner

E.A.
    $800 19
Somalia

Frédérique
    $800 14
The Creature From The Black Lagoon

E.A.
    $800 9
the Twilight

E.A.
    $800 7
the apple

E.A.
    $800 27
Waterloo

Frédérique
    $800 2
bumper-to-bumper

E.A.
    $2,200 20
the Central African Republic

Frédérique
    $1200 15
War of the Worlds

Jake
    $1200 10
Madame Butterfly

E.A.
    $1200 23
the Harpies

E.A.
    $1200 28
Prime Minister

Jake
    $1200 3
buddy-buddy

Frédérique
    $1600 21
Tajikistan & Turkmenistan

E.A.
    $1600 16
The Incredible Shrinking Man

E.A.
    $1600 11
Rimsky-Korsakov

E.A.
    $1600 24
Rama

Jake
    $1600 29
Victoria

E.A.
    $1600 4
a bunker-buster

Jake
    $2000 22
Kiribas (or Kiribati)

Triple Stumper
    $2000 17
The Day The Earth Stood Still

Frédérique
    $2000 12
Norma

Triple Stumper
    $2000 25
dies, goes to the underworld, and comes back to life

Triple Stumper
    $2,000 30
(E.A. What is the Iron Man?)

the Iron Duke

E.A.
    $2000 5
shabu-shabu

Triple Stumper

Scores at the end of the Double Jeopardy! Round:

Frédérique Jake E.A.
$12,600 $7,000 $18,600

[wagering suggestions for these scores]

Final Jeopardy! Round responses

CHARACTERS IN NOVELS
(Alex: With her Irish up--he says she's "very, very Irish".)
...
(Alex: [To Jake] Gone with the Wind.)
JakeWho is Rhett Butler?
$5,600
FrédériqueWho is Rhett Butler?
$2,000
E.A.Who is Scarlet Ohara
$6,600
Rhett Butler

Final scores:

Frédérique Jake E.A.
$14,600 $12,600 $12,000
2-day champion: $20,800 2nd place: $2,000 3rd place: $1,000

Game dynamics:

Coryat scores:

Frédérique Jake E.A.
$11,600 $7,000 $20,600
14 R
(including 1 DD),
1 W
11 R,
3 W
26 R
(including 1 DD),
1 W
(including 1 DD)

Combined Coryat: $39,200

[game clues] [game scores] [suggest correction]

Game tape date: 2014-01-14
The J! Archive is created by fans, for fans. Scraping, republication, monetization, and malicious use prohibited; this site may use cookies and collect identifying information. See terms. The Jeopardy! game show and all elements thereof, including but not limited to copyright and trademark thereto, are the property of Jeopardy Productions, Inc. and are protected under law. This website is not affiliated with, sponsored by, or operated by Jeopardy Productions, Inc. Join the discussion at JBoard.tv.